01269 a2200181 45000010006000000050017000060080041000230030015000640400040000790800093001192450045002122640080002573000019003375050680003560410008010361000018010447000025010625917620260407155846.0260407a1964 arg spa dAR-UNSa-BCEJYS aAR-UNSa-BCEJYSbspacAR-UNSa-BCEJYS a339.92xCooperación económica internacional. Integración económica internacional10aTeoría de la integración económica 1aMéxico :bUnión Tipográfica Editorial Hispano-Americana (UTEHA)c1964 a332 p.c23 cm. aParte I: Estática de la integración económica: 1. Movimiento de mercancías: aspectos de la producción – 2. Movimiento de mercancías: aspectos relativos al consumo y al bienestar – 3. Movimiento de factores – Parte II: Dinámica de la integración económica: 4. Las fronteras nacionales y el crecimiento – 5. Economías de escala – 6. Economías externas – 7. Factores dinámicos adicionales – Parte III: Integración y política económica: 8. Problemas regionales en un mercado común – 9. Armonización de las políticas sociales – 10. Los problemas fiscales en una unión – 11. La unificación monetaria y la balanza de pagos aspa1 aBalassa, Bela1 aCasilla, Jorge Laris